000 00809nas a2200277 4500
001 BR2013001558
003 BR-BrBNA
005 20231205122010.0
007 ta
008 230509b bl.|||p| |||| 00| 00por d
040 _aBR-BrBNA
_bpor
_cBiblioteca Nacional de Agricultura
041 _a(En)
072 _aH50
100 1 _aOrsi, R. de O.
100 1 _aBarreto, L.M.R.C.
100 1 _aGomes, S.M.A.
100 1 _aKadri, S.M.
245 1 _aPesticides in the propolis at São Paulo state, Brazil
650 _aPROPOLIS
650 _aPESTICIDA
650 _aCONTAMINAÇÃO
650 _aSÃO PAULO
773 0 _tActa Scientiarum. Animal Sciences (Brazil)
_xISSN 1806-2636
_g(Oct-Dec 2012), v. 34(4) p. 433-436
_wBR2013001558
909 _a202311
_bLúcia
_c55
_dLúcia Elande
942 _2AGRIS
_n0
_cANA
999 _c226362
_d226362